000 00439nam a2200181Ia 4500
001 666
005 20260306140534.0
008 260306t2007||||xx |||||||||||||| ||spa||
041 _aESP
082 _a128.2
_bS21
100 _aSanguineti, Juan José
_eAUT
245 0 _aFilosofía de la mente :
_bun enfoque ontológico y antropológico
260 _c2007
300 _a
_c
650 _aGEN
654 _aCHU
942 _cLIB
_dJUS
_fJUS
_2ddc
_n
999 _c666
_d666